000 00678nam a2200217 4500
999 _c8384
_d8384
001 22074
003 BD-DhUAP
005 20240306155206.0
008 240306b2006 thaa|||| |||| 001 0beng d
040 _aBD-DhUAP
_beng
_cBD-DhUAP
_dBD-DhUAP
_eBD-DhUAP
082 _221
_a428.0071 THO
100 _aThornbury, Scott
245 _aAn A-Z of ELT :
_ba dictionary of terms and concepts used in English language teaching /
_cScott Thornbury
260 _aOxford :
_bMacmillan Education,
_cc2006.
300 _a256 p. ;
_c27 cm.
504 _aInclude Index and Bibliography.
650 _aCommunication
650 _aEnglish language
650 _aStudy and teachin
942 _2ddc
_cBK